| 000 | 01125nam a2200301 i 4500 | ||
|---|---|---|---|
| 001 | 000030210 | ||
| 003 | DO-SdBNP | ||
| 005 | 20250912090709.0 | ||
| 007 | ta | ||
| 008 | 110504s2005 dr ac 000 0 spa d | ||
| 020 | _a9945851950 | ||
| 040 |
_aDO-SdBNP _bspa _cBNPHU _erda |
||
| 041 | _aspa | ||
| 082 | 4 |
_a306.097293 _bC397a 2004 _222 |
|
| 110 | 2 |
_aCentro Cultural Eduardo Lón Jimenes _956909 |
|
| 245 | 1 | 0 |
_aAnuario 2004 : _bidentidades y creación / _cedición y corrección, Camilo Venegas ; redacción, Patricia Sánchez, María Elena Toledo y Mijail Peralta. |
| 264 | 4 |
_aSantiago de los Caballeros, República Dominicana : _bCentro León, _c©2005. |
|
| 300 |
_a205 páginas : _bilustraciones, retratos ; _c23 cm. |
||
| 336 |
_atexto _btxt _2rdacontent |
||
| 337 |
_asin mediación _bn _2rdamedia |
||
| 338 |
_avolumen _bnc _0rdacarrier |
||
| 590 | _aInventariado 2025/MFF | ||
| 650 | 7 |
_aArte _zRepública Dominicana _2LEMB _981690 |
|
| 650 | 7 |
_aCultura _zRepública Dominicana _91983 |
|
| 650 | 7 |
_aCentros culturales _zRepública Dominicana _981691 |
|
| 910 | _aValidado. Control de calidad MFF | ||
| 942 |
_2ddc _cLBS1 |
||
| 999 |
_c29702 _d29702 |
||